000 01031nas a2200265Ia 4500
001 R017/67540
003 IT-RoPAU
008 151124c99999999xx |||||||||||| ||und||
040 _aIT-RoPAU
040 _cIT-RoPAU
041 _aITALIANO
100 _aAA.VV.
_gCodice Aut. SPICS: 12000
210 _aFILMCRITICA
222 _aFilmcritica
245 _aFILMCRITICA, ANNO 15-N.142 (FEBBRAIO 1964)
_bFilmcritica, Anno 15-N.142 (Febbraio 1964)
250 _a1a ed.
260 _aROMA
_bFILMCRITICA
_c1964
501 _bPaulus - SPICS - Società San Paolo EM (non-commercial uses only)
_cCopyright2015
300 _a60 p.
310 _aMENSILE
362 _aANNO 015, N.142 (FEBBRAIO 1964)
500 _aMensile di Cinema Teatro e Tv. Contributi di Autori Vari su Personaggi e Argomenti del Cinema: Dibattito Sul Film gli Uccelli di Alfred Hitchcock. Mercato Comune e Crisi del Cinema. Scritti del Regista Sovietico Dovzhenko. Terrore e Raziocinio in Roger Co
650 _aCINEMA
_vPUBBLICAZIONE PERIODICA
942 _cCR
999 _c135408
_d135408